[Event "World Open"]
[Site "Philadelphia USA"]
[Date "2009.07.02"]
[EventDate "2009.07.01"]
[Round "3"]
[Result "1-0"]
[White "Ray Robson"]
[Black "Vinay Bhat"]
[WhiteElo "2465"]
[BlackElo "2475"]
[PlyCount "83"]

1. e4 e6 2. d4 d5 3. Nc3 Bb4 4. e5 c5 5. a3 Bxc3+ 6. bxc3 Ne7
7. Qg4 cxd4 8. Qxg7 Rg8 9. Qxh7 Qc7 10. Ne2 dxc3 11. f4 Bd7
12. Qd3 Nbc6 13. Nxc3 a6 14. Ne2 Nf5 15. h3 Na5 16. a4 O-O-O
17. g4 Nh4 18. Ba3 Bc6 19. Nd4 Qb6 20. c3 Ng6 21. Bc1 Nc4
22. Be2 Rh8 23. Rb1 Qc5 24. Nxc6 Qxc6 25. Rb4 Na5 26. Qd4 Qc7
27. Rb1 Nc6 28. Qc5 Nf8 29. Ba3 Nd7 30. Qe3 Qa5 31. Kf2 Qxa4
32. Bd6 Nf6 33. Bd3 d4 34. cxd4 Nd5 35. Qf3 Qxd4+ 36. Kg3 f6
37. Rhc1 fxe5 38. Bxe5 Qa4 39. Rc4 Qa2 40. Ra1 Rxh3+ 41. Kxh3
Nxf4+ 42. Rxf4 1-0

[Event "World Open"]
[Site "Philadelphia USA"]
[Date "2009.07.03"]
[EventDate "2009.07.01"]
[Round "4"]
[Result "0-1"]
[White "Joshua E Friedel"]
[Black "Ray Robson"]
[WhiteElo "2516"]
[BlackElo "2465"]
[PlyCount "60"]

1. e4 c5 2. Nf3 d6 3. d4 cxd4 4. Nxd4 Nf6 5. Nc3 g6 6. Be3 Bg7
7. f3 O-O 8. Qd2 Nc6 9. O-O-O d5 10. exd5 Nxd5 11. Nxc6 bxc6
12. Bd4 Bxd4 13. Qxd4 Qb6 14. Na4 Qa5 15. b3 Qc7 16. h4 h5
17. Kb2 Rd8 18. Bc4 Bf5 19. Nc3 Bxc2 20. Bxd5 Bxd1 21. Qc4 Qe5
22. Bxf7+ Kg7 23. f4 Rd2+ 24. Kc1 Rc2+ 25. Kxd1 Qxc3 26. Qxc3+
Rxc3 27. Bc4 Rd8+ 28. Ke2 Rd4 29. Rf1 Kf6 30. a4 Kf5 0-1

[Event "World Open"]
[Site "Philadelphia USA"]
[Date "2009.07.03"]
[EventDate "2009.07.01"]
[Round "5"]
[Result "1/2-1/2"]
[White "Ray Robson"]
[Black "Robert Lee Hess"]
[WhiteElo "2465"]
[BlackElo "2485"]
[PlyCount "61"]

1. e4 e5 2. Nf3 Nc6 3. Bb5 a6 4. Ba4 d6 5. d4 Bd7 6. O-O Nxd4
7. Bxd7+ Qxd7 8. Nxd4 exd4 9. Qxd4 Ne7 10. Nc3 Nc6 11. Qd3 Be7
12. Qg3 O-O-O 13. Nd5 Qe6 14. Qd3 Bf6 15. Rb1 Rhe8 16. f3 Bd4+
17. Kh1 f5 18. Bg5 fxe4 19. fxe4 Rd7 20. b4 Bb6 21. b5 axb5
22. Rxb5 Qxe4 23. Rxb6 Qxd3 24. cxd3 cxb6 25. Nxb6+ Kc7
26. Nxd7 Kxd7 27. Rf7+ Kc8 28. h4 Rg8 29. Bf4 Nd8 30. Re7 Nc6
31. Rf7 1/2-1/2

[Event "World Open"]
[Site "Philadelphia USA"]
[Date "2009.07.04"]
[EventDate "2009.07.01"]
[Round "7"]
[Result "0-1"]
[White "Ray Robson"]
[Black "Timur Gareev"]
[WhiteElo "2465"]
[BlackElo "2590"]
[PlyCount "112"]

1. e4 e5 2. Nf3 Nc6 3. Bb5 a6 4. Ba4 Nf6 5. O-O Be7 6. Re1 b5
7. Bb3 d6 8. c3 O-O 9. h3 Na5 10. Bc2 c5 11. d4 Qc7 12. Nbd2
Be6 13. d5 Bd7 14. Nf1 c4 15. g4 g6 16. N3h2 Nb7 17. f4 exf4
18. Bxf4 h5 19. Ng3 hxg4 20. Nxg4 Bxg4 21. hxg4 Nh7 22. Kg2
Bg5 23. Bxg5 Nxg5 24. Rh1 Qe7 25. Qd2 Nc5 26. Raf1 Nd7 27. e5
Nxe5 28. Ne4 f6 29. Rh6 Kg7 30. Rfh1 Rh8 31. Rxh8 Rxh8
32. Rxh8 Kxh8 33. Qf4 Kg7 34. Ng3 Qd7 35. Bd1 Qb7 36. Ne4 Nxe4
37. Qxe4 b4 38. Qd4 a5 39. Kg3 bxc3 40. bxc3 Qb1 41. a4 Qd3+
42. Qxd3 cxd3 43. Kf4 Nc4 44. Bb3 d2 45. Kf3 Ne5+ 46. Kg3 Kh6
47. Kf4 Nc4 48. Ke4 Nb2 49. Kd4 d1=Q 50. Bxd1 Nxd1 51. c4 Nb2
52. c5 dxc5+ 53. Kxc5 Nxa4+ 54. Kc6 Nb2 55. d6 Nc4 56. d7 Ne5+
0-1

[Event "World Open"]
[Site "Philadelphia USA"]
[Date "2009.07.05"]
[EventDate "2009.06.29"]
[Round "8"]
[Result "1/2-1/2"]
[White "Dashzeveg Sharavdorj"]
[Black "Ray Robson"]
[WhiteElo "2422"]
[BlackElo "2465"]
[PlyCount "85"]

1. d4 d5 2. c4 e6 3. Nf3 Nf6 4. Nc3 c6 5. Bg5 dxc4 6. e4 b5
7. e5 h6 8. Bh4 g5 9. Nxg5 hxg5 10. Bxg5 Nbd7 11. g3 Bb7
12. Bg2 Qb6 13. exf6 c5 14. d5 O-O-O 15. O-O b4 16. Na4 Qa6
17. a3 Bxd5 18. Bxd5 Ne5 19. axb4 Rxd5 20. Qe2 cxb4 21. Nc3
Qd6 22. Nxd5 Qxd5 23. f3 Nd3 24. Be3 Bc5 25. Bxc5 Qxc5+
26. Kg2 Rh5 27. b3 Qd4 28. bxc4 Re5 29. Qa2 a5 30. Qa4 Kc7
31. Ra2 Nb2 32. Qe8 Nxc4 33. Rc2 b3 34. Rxc4+ Qxc4 35. Qxf7+
Kb6 36. Qe8 Re2+ 37. Kh3 Qd5 38. Qb8+ Ka6 39. g4 e5 40. Qc8+
Kb6 41. Qb8+ Ka6 42. Qc8+ Kb6 43. Qb8+ 1/2-1/2

[Event "World Open"]
[Site "Philadelphia USA"]
[Date "2009.07.02"]
[EventDate "2009.06.29"]
[Round "2"]
[Result "1-0"]
[White "Giorgi Kacheishvili"]
[Black "Ray Robson"]
[WhiteElo "2613"]
[BlackElo "2465"]
[PlyCount "67"]

1. d4 d5 2. Nf3 Nf6 3. c4 e6 4. g3 dxc4 5. Bg2 c5 6. O-O Nc6
7. dxc5 Qxd1 8. Rxd1 Bxc5 9. Nbd2 c3 10. bxc3 O-O 11. Nb3 Be7
12. Nfd4 Bd7 13. Bg5 Rfd8 14. Bxf6 gxf6 15. Nxc6 Bxc6 16. Bxc6
bxc6 17. Rd4 Rxd4 18. Nxd4 Bc5 19. Nb3 Ba3 20. Rd1 a5 21. Rd7
a4 22. Nd4 Rc8 23. Rb7 Bc5 24. Rb2 Kg7 25. Kf1 Rd8 26. e3 e5
27. Nf5+ Kg6 28. Nh4+ Kh5 29. Rb7 Rd1+ 30. Kg2 Rd2 31. Rxf7 h6
32. Rg7 Bxe3 33. Kh3 f5 34. Nxf5 1-0

[Event "Arctic Chess Challenge 2009"]
[Site "Scandic Hotel, Tromsø"]
[Date "2009.08.01"]
[EventDate "2009.??.??"]
[Round "2"]
[Result "1-0"]
[White "Ray Robson"]
[Black "Gunnar Berg Hanssen"]
[WhiteElo "2491"]
[BlackElo "2215"]
[PlyCount "55"]

1. e4 e6 2. d4 d5 3. Nc3 Nf6 4. e5 Nfd7 5. Nce2 c5 6. c3 Nc6
7. f4 cxd4 8. cxd4 f6 9. Nf3 Be7 10. g3 O-O 11. Bh3 Kh8
12. O-O Nb6 13. a4 Bd7 14. b3 Rc8 15. Bd2 Na8 16. Nc3 Qb6
17. Nxd5 exd5 18. Bxd7 Nxd4 19. Be3 Nxf3+ 20. Qxf3 Bc5
21. Rae1 d4 22. Bf2 Rcd8 23. e6 Qb4 24. Rc1 Nb6 25. Bb5 a6
26. Bd3 Rd5 27. Be4 Rd6 28. Qh5 1-0

[Event "Arctic Chess Challenge 2009"]
[Site "Scandic Hotel, Tromsø"]
[Date "2009.08.01"]
[EventDate "2009.??.??"]
[Round "7"]
[Result "1/2-1/2"]
[White "Ray Robson"]
[Black "Monika Socko"]
[WhiteElo "2491"]
[BlackElo "2449"]
[PlyCount "79"]

1. e4 c5 2. Nf3 Nc6 3. d4 cxd4 4. Nxd4 g6 5. Nc3 Bg7 6. Be3
Nf6 7. Bc4 d6 8. f3 Qb6 9. Nf5 Qxb2 10. Nxg7+ Kf8 11. Nd5 Nxd5
12. Bxd5 Kxg7 13. O-O Qc3 14. Qc1 h5 15. Rb1 f6 16. Rb3 Qa5
17. Qb2 Qc7 18. f4 h4 19. f5 Ne5 20. c4 a5 21. Bb6 Qd7 22. Bd4
Ra6 23. Be6 Qc6 24. Bd5 Qd7 25. Bxb7 Nxc4 26. Bxc8 Rxc8
27. Rb7 Rc7 28. Rxc7 Qxc7 29. Qc1 Qc6 30. Qg5 Qe8 31. Qxh4 Ne5
32. Bxe5 dxe5 33. fxg6 Qxg6 34. Rf3 Qh6 35. Qg4+ Kf7 36. Qc8
Rd6 37. Qc4+ Kf8 38. Qc8+ Kf7 39. Qc4+ Kf8 40. Qc8+ 1/2-1/2

[Event "Arctic Chess Challenge 2009"]
[Site "Scandic Hotel, Tromsø"]
[Date "2009.08.01"]
[EventDate "2009.??.??"]
[Round "5"]
[Result "1-0"]
[White "Ray Robson"]
[Black "Vadim Malakhatko"]
[WhiteElo "2491"]
[BlackElo "2570"]
[PlyCount "81"]

1. e4 c6 2. d4 d5 3. Nc3 dxe4 4. Nxe4 Bf5 5. Ng3 Bg6 6. h4 h6
7. Nf3 Nd7 8. h5 Bh7 9. Bd3 Bxd3 10. Qxd3 e6 11. Bd2 Ngf6
12. O-O-O Be7 13. Qe2 O-O 14. Nf1 c5 15. g4 cxd4 16. g5 hxg5
17. Bxg5 Nd5 18. Bxe7 Qxe7 19. Rxd4 Qf6 20. Kb1 Qh6 21. c4
Rac8 22. Qd1 N5f6 23. Ne3 Nc5 24. Ne5 Nce4 25. Qf3 Qh7 26. Ka1
Rcd8 27. Rxd8 Rxd8 28. h6 Rd2 29. N3g4 Qf5 30. Nxf6+ Nxf6
31. Qxb7 Qh5 32. a3 Rd1+ 33. Rxd1 Qxd1+ 34. Ka2 Qh5 35. Qa8+
Kh7 36. hxg7 Kxg7 37. f4 Qf5 38. Qxa7 Nh5 39. Qd4 Qxf4
40. Qxf4 Nxf4 41. a4 1-0

[Event "Arctic Chess Challenge 2009"]
[Site "Scandic Hotel, Tromsø"]
[Date "2009.08.01"]
[EventDate "2009.??.??"]
[Round "4"]
[Result "1-0"]
[White "Ray Robson"]
[Black "Frode Olav Olsen Urkedal"]
[WhiteElo "2491"]
[BlackElo "2333"]
[PlyCount "67"]

1. e4 c5 2. Nf3 d6 3. d4 cxd4 4. Nxd4 Nf6 5. Nc3 a6 6. Be3 e6
7. g4 h6 8. Bg2 Nc6 9. h3 Be7 10. f4 Qc7 11. Qe2 Nxd4 12. Bxd4
e5 13. Be3 exf4 14. Bxf4 O-O 15. O-O-O Be6 16. e5 dxe5
17. Bxe5 Qb6 18. Bd4 Qc7 19. Qf2 Rac8 20. Bb6 Qb8 21. Rhe1 Rc4
22. Bf1 Rc6 23. Bd4 Qc8 24. Bd3 Bc5 25. Rf1 Bxd4 26. Qxd4 Bc4
27. Rxf6 gxf6 28. Be4 Rc7 29. Bf5 Be6 30. Nd5 Bxf5 31. gxf5
Rxc2+ 32. Kb1 Qc5 33. Rg1+ Kh7 34. Qg4 1-0

[Event "Arctic Chess Challenge 2009"]
[Site "Scandic Hotel, Tromsø"]
[Date "2009.08.01"]
[EventDate "2009.??.??"]
[Round "3"]
[Result "1/2-1/2"]
[White "Kjetil Stokke"]
[Black "Ray Robson"]
[WhiteElo "2347"]
[BlackElo "2491"]
[PlyCount "52"]

1. d4 d5 2. c4 e6 3. Nf3 Nf6 4. g3 dxc4 5. Bg2 Bb4+ 6. Bd2 c5
7. O-O O-O 8. Qc2 Bxd2 9. Qxd2 Nc6 10. dxc5 Qd5 11. Qxd5 exd5
12. Rd1 Be6 13. Nc3 Rfd8 14. Nd4 Rac8 15. e4 Nxd4 16. Rxd4
dxe4 17. Rxd8+ Rxd8 18. Nxe4 Nxe4 19. Bxe4 b6 20. cxb6 axb6
21. Bf3 Kf8 22. Rd1 Rxd1+ 23. Bxd1 Ke7 24. f4 Kd6 25. Kf2 Kc5
26. Ke3 c3 1/2-1/2

[Event "Arctic Chess Challenge 2009"]
[Site "Scandic Hotel, Tromsø"]
[Date "2009.08.01"]
[EventDate "2009.??.??"]
[Round "9"]
[Result "1/2-1/2"]
[White "Emanuel Berg"]
[Black "Ray Robson"]
[WhiteElo "2610"]
[BlackElo "2491"]
[PlyCount "147"]

1. e4 c5 2. Nf3 d6 3. d4 cxd4 4. Nxd4 Nf6 5. Nc3 g6 6. Be3 Bg7
7. f3 O-O 8. Qd2 Nc6 9. Bc4 Bd7 10. Bb3 Nxd4 11. Bxd4 b5
12. O-O a5 13. a4 b4 14. Nd5 Nxd5 15. exd5 Bxd4+ 16. Qxd4 Re8
17. Rae1 Rc8 18. Re2 e5 19. dxe6 Bxe6 20. Rfe1 Qd7 21. Bxe6
Rxe6 22. Rxe6 fxe6 23. c3 bxc3 24. bxc3 Qc6 25. Rxe6 Qxc3
26. Re8+ Kf7 27. Qxc3 Rxc3 28. Ra8 Rc5 29. Ra7+ Ke6 30. Rxh7
Rc4 31. h4 Rxa4 32. Rh6 Kf7 33. h5 gxh5 34. Rxd6 Kg7 35. Kh2
Ra1 36. Kg3 a4 37. Kh4 a3 38. Kg5 a2 39. Rd7+ Kf8 40. Rd2 h4
41. Kf6 Kg8 42. Rf2 Kh8 43. Kg5 Kg7 44. f4 Kf7 45. f5 Kg7
46. Rd2 Kf7 47. Rc2 Kg7 48. Rc7+ Kf8 49. Rc8+ Kf7 50. Rc7+ Ke8
51. Rc2 Kf7 52. Re2 Kg7 53. Re7+ Kf8 54. Ra7 h3 55. Kf6 Re1
56. Ra8+ Re8 57. Rxa2 hxg2 58. Rxg2 Ra8 59. Re2 Ra6+ 60. Re6
Ra7 61. Rb6 Rf7+ 62. Kg6 Rg7+ 63. Kf6 Rf7+ 64. Kg5 Rg7+
65. Rg6 Ra7 66. Rf6+ Kg7 67. Rc6 Kf8 68. Rh6 Rg7+ 69. Rg6 Ra7
70. Rf6+ Kg7 71. Rh6 Ra1 72. Rg6+ Kf7 73. Rf6+ Kg7 74. Rg6+
1/2-1/2

[Event "Arctic Chess Challenge 2009"]
[Site "Scandic Hotel, Tromsø"]
[Date "2009.08.01"]
[EventDate "2009.??.??"]
[Round "1"]
[Result "0-1"]
[White "Marianne Wold Haug"]
[Black "Ray Robson"]
[WhiteElo "1987"]
[BlackElo "2491"]
[PlyCount "62"]

1. e4 c5 2. Nf3 d6 3. d4 cxd4 4. Nxd4 Nf6 5. Nc3 e6 6. Be2 Be7
7. O-O O-O 8. f4 Nc6 9. Kh1 a6 10. Bf3 Qc7 11. a4 Rd8 12. Be3
Ne5 13. Qe1 Nxf3 14. Rxf3 b6 15. Bg1 Bb7 16. Rd1 Rac8 17. Rfd3
g6 18. Qe3 Ba8 19. Re1 Bf8 20. Qg3 Bg7 21. f5 Re8 22. fxe6
fxe6 23. Qh3 Qd7 24. Nf3 Nh5 25. Qg4 b5 26. axb5 axb5 27. e5
Rc4 28. Qg5 b4 29. Rxd6 Qf7 30. Ne2 h6 31. Qd2 Qxf3 0-1

[Event "Arctic Chess Challenge 2009"]
[Site "Scandic Hotel, Tromsø"]
[Date "2009.08.01"]
[EventDate "2009.??.??"]
[Round "8"]
[Result "1/2-1/2"]
[White "Marijan Petrov"]
[Black "Ray Robson"]
[WhiteElo "2479"]
[BlackElo "2491"]
[PlyCount "105"]

1. e4 e6 2. d4 d5 3. Nc3 Nf6 4. e5 Nfd7 5. f4 c5 6. Nf3 Nc6
7. Be3 Be7 8. Qd2 O-O 9. Be2 f6 10. exf6 Bxf6 11. O-O b6
12. Rad1 Bb7 13. Rfe1 Qc7 14. Nb5 Qb8 15. c3 Be7 16. Ng5 a6
17. Na3 cxd4 18. cxd4 Nf6 19. Qd3 Qd6 20. Bg4 Nd8 21. Bd2 Bc8
22. Bh3 h6 23. Nf3 Ne4 24. Ne5 Nc6 25. Nac4 Nxe5 26. Nxe5 Bf6
27. Rc1 Bb7 28. a3 a5 29. Be3 Rfc8 30. Qb5 Kh7 31. Rxc8 Rxc8
32. Qd7 Rc7 33. Qxe6 Qxe6 34. Bxe6 Rc2 35. Bf5+ Kg8 36. Nd3
Ba6 37. Nf2 Rxb2 38. Nxe4 dxe4 39. Bxe4 Kf8 40. Bc6 Rb3 41. d5
Bc3 42. Rd1 Be2 43. Rc1 Bb2 44. Rb1 Bd3 45. Ba4 Rxa3 46. Rxb2
Rxa4 47. Rxb6 Be4 48. Rb8+ Kf7 49. d6 Ke6 50. Bc5 Bc6 51. g3
Kd5 52. d7 Bxd7 53. Bf8 1/2-1/2

[Event "Spice Cup (B Group)"]
[Site "Lubbock"]
[Date "2009.09.20"]
[EventDate "?"]
[Round "2"]
[Result "0-1"]
[White "Dean Ippolito"]
[Black "Ray Robson"]
[WhiteElo "2459"]
[BlackElo "2527"]
[PlyCount "82"]

1.d4 d5 2.c4 e6 3.Nf3 Nf6 4.g3 dxc4 5.Bg2 b5 6.a4 c6 7.axb5
cxb5 8.Ne5 Nd5 9.Nc3 f6 10.Ng4 Bb7 11.O-O Nxc3 12.bxc3 Bxg2
13.Kxg2 Be7 14.e4 O-O 15.Ne3 Nd7 16.Qg4 f5 17.exf5 e5 18.f6
Bxf6 19.Nf5 exd4 20.cxd4 Nb6 21.Ba3 Qd5 22.Kg1 Rfe8 23.Rfe1 g6
24.Nd6 Red8 25.Nxb5 Qxb5 26.Be7 Bxe7 27.Rxe7 Qf5 28.Qh4 g5
29.Qh6 Qg6 30.Qh3 Re8 31.Rc7 Rac8 32.Rc5 Rcd8 33.Qg4 h6
34.Rxa7 Re4 35.f4 Re1 36.Kf2 Rde8 37.Rf5 c3 38.fxg5 c2 39.Rf6
R8e2 40.Qxe2 Rxe2 41.Kxe2 Qxf6 0-1

[Event "Spice Cup (B Group)"]
[Site "Lubbock"]
[Date "2009.09.21"]
[EventDate "?"]
[Round "3"]
[Result "0-1"]
[White "Ray Robson"]
[Black "Vinay Bhat"]
[WhiteElo "2527"]
[BlackElo "2459"]
[PlyCount "104"]

1.e4 e5 2.Nf3 Nc6 3.Bb5 a6 4.Ba4 Nf6 5.O-O Be7 6.Re1 b5 7.Bb3
d6 8.c3 O-O 9.h3 Na5 10.Bc2 c5 11.d4 Nd7 12.Nbd2 exd4 13.cxd4
Nc6 14.d5 Nce5 15.a4 Rb8 16.Nh2 Ng6 17.g3 Nf6 18.h4 h5 19.f4
Bg4 20.Nxg4 Nxg4 21.Nf3 Re8 22.e5 Nf8 23.Bf5 Qb6 24.Kg2 Rbd8
25.Nh2 Nxh2 26.Kxh2 c4 27.Be3 Qb7 28.e6 Bf6 29.axb5 Qxb5
30.Qxh5 Re7 31.Re2 fxe6 32.dxe6 d5 33.Bd2 d4 34.Ra5 Qb6 35.g4
d3 36.Rg2 Bxb2 37.Be4 Qd4 38.Re5 c3 39.Be3 Qxe3 40.Bh7 Nxh7
41.Rxe3 d2 42.Qc5 Rxe6 43.Rxe6 d1=Q 44.g5 Nf8 45.Re7 Qh5
46.Qc4 Kh8 47.f5 c2 48.f6 c1=Q 49.fxg7 Bxg7 50.Qxc1 Qxh4
51.Kg1 Bd4 52.Kf1 Qh1 0-1

[Event "Spice Cup (B Group)"]
[Site "Lubbock"]
[Date "2009.09.22"]
[EventDate "?"]
[Round "5"]
[Result "1/2-1/2"]
[White "Ray Robson"]
[Black "Davorin Kuljasevic"]
[WhiteElo "2527"]
[BlackElo "2547"]
[PlyCount "155"]

1.e4 c5 2.Nf3 Nc6 3.d4 cxd4 4.Nxd4 Nf6 5.Nc3 e5 6.Ndb5 d6
7.Bg5 a6 8.Na3 b5 9.Nd5 Be7 10.Bxf6 Bxf6 11.c3 Bg5 12.Nc2 Ne7
13.h4 Bh6 14.Ncb4 O-O 15.g4 Nxd5 16.Nxd5 Bf4 17.Qf3 Bb7 18.Bd3
Bxd5 19.exd5 Rb8 20.g5 f5 21.gxf6 Rxf6 22.Ke2 Bh6 23.Qe4 g6
24.h5 Qb6 25.Raf1 Rbf8 26.hxg6 Rxf2 27.Kd1 Rxf1 28.Bxf1 Qf2
29.Be2 Bg7 30.gxh7 Kh8 31.Rf1 Qh2 32.Rxf8 Bxf8 33.Qf5 Qh1
34.Kc2 Qxh7 35.Qxh7 Kxh7 36.b4 Kg6 37.Bg4 e4 38.Bc8 Kf6
39.Bxa6 Ke5 40.Bxb5 Kxd5 41.a4 Be7 42.a5 Bd8 43.Kb3 e3 44.Ka4
Bc7 45.Be2 Kc6 46.Bf3 Kd7 47.b5 Bb8 48.b6 e2 49.Bxe2 Kc6
50.Bf3 Kc5 51.Bg2 d5 52.Bxd5 Be5 53.b7 Bb8 54.Be6 Kc6 55.a6
Kb6 56.Bc4 Kc5 57.Bd3 Ba7 58.Kb3 Bb8 59.Kc2 Kb6 60.Kd2 Kc7
61.Ke3 Ba7 62.Ke4 Bb8 63.Kd5 Ba7 64.Be2 Bb8 65.Bf1 Ba7 66.Bd3
Bb8 67.Kc5 Ba7 68.Kb5 Bb8 69.Be4 Ba7 70.c4 Bb8 71.a7 Bxa7
72.c5 Kb8 73.Kc4 Bb6 74.Kb5 Bc7 75.Kc6 Bh2 76.Kd7 Bg3 77.c6
Bh2 78.Bh1 1/2-1/2

[Event "Spice Cup (B Group)"]
[Site "Lubbock"]
[Date "2009.09.24"]
[EventDate "?"]
[Round "6"]
[Result "1-0"]
[White "Ray Robson"]
[Black "Gabor Papp"]
[WhiteElo "2527"]
[BlackElo "2562"]
[PlyCount "69"]

1.e4 c5 2.Nf3 d6 3.d4 cxd4 4.Nxd4 Nf6 5.Nc3 g6 6.Be3 Bg7 7.f3
O-O 8.Qd2 Nc6 9.Bc4 Bd7 10.O-O-O Rb8 11.Bb3 Na5 12.Bh6 Bxh6
13.Qxh6 b5 14.Nd5 Nxb3 15.Nxb3 e5 16.h4 Nxd5 17.Rxd5 Rb6 18.f4
Be6 19.h5 Qe7 20.Rd3 exf4 21.Qxf4 g5 22.Qe3 h6 23.Nd4 Rc8
24.Re1 b4 25.e5 d5 26.Rf1 Qc7 27.Rf6 Bd7 28.Rxh6 Rxh6 29.Qxg5
Kh7 30.Rg3 Bg4 31.Rxg4 f6 32.exf6 a5 33.Qf5 Kh8 34.f7 Rf8
35.Qg5 1-0

[Event "Spice Cup (B Group)"]
[Site "Lubbock"]
[Date "2009.09.26"]
[EventDate "?"]
[Round "9"]
[Result "1/2-1/2"]
[White "Daniel Rensch"]
[Black "Ray Robson"]
[WhiteElo "2388"]
[BlackElo "2527"]
[PlyCount "86"]

1.e4 c5 2.Nf3 d6 3.d4 cxd4 4.Nxd4 Nf6 5.Nc3 Nc6 6.Bg5 Bd7
7.Qd2 Rc8 8.f4 Nxd4 9.Qxd4 Qa5 10.e5 dxe5 11.fxe5 e6 12.O-O-O
Bc6 13.Nb5 Bxb5 14.exf6 Bc6 15.h4 g6 16.Bc4 Rd8 17.Qxd8 Qxd8
18.Rxd8 Kxd8 19.Rd1 Kc8 20.g3 Bc5 21.c3 b5 22.b4 Bf2 23.Bxe6
fxe6 24.f7 Bxg3 25.Bh6 Bf4 26.Bxf4 Rf8 27.Rd6 Bd5 28.Be3 Rxf7
29.Ra6 Rf3 30.Kd2 Rh3 31.a4 Rh2 32.Kd3 Bc4 33.Kd4 Rxh4 34.Ke5
Rh5 35.Kd6 Rd5 36.Kc6 Rd7 37.axb5 Bd5 38.Kc5 h5 39.Bf4 h4
40.c4 Bb7 41.Rxe6 Rf7 42.Be5 g5 43.Rg6 h3 1/2-1/2

[Event "Pan-American Junior Championship"]
[Site "?"]
[Date "2009.10.06"]
[EventDate "2009.10.06"]
[Round "1"]
[Result "0-1"]
[White "Daniel Carlo"]
[Black "Ray Robson"]
[WhiteElo "2091"]
[BlackElo "2527"]
[PlyCount "90"]

1. Nf3 d5 2. d3 Nf6 3. Nbd2 c6 4. e4 g6 5. e5 Nfd7 6. d4 c5
7. c3 Nc6 8. h4 e6 9. Nb3 h6 10. Be3 Qb6 11. Qd2 cxd4
12. Nbxd4 Ncxe5 13. Nxe5 Nxe5 14. Nb5 Qd8 15. Bd4 f6 16. Nxa7
Bd7 17. Nb5 Nc6 18. Bd3 Kf7 19. h5 g5 20. f4 Nxd4 21. Nxd4 Bd6
22. fxg5 hxg5 23. Bg6+ Kg7 24. g4 Bg3+ 25. Kf1 Ra6 26. Kg2 Bf4
27. Qc2 Rf8 28. Rhf1 e5 29. Nf5+ Kh8 30. Nh6 Qe7 31. Qb3 Bc6
32. Rfe1 Qc5 33. Qb4 Qxb4 34. cxb4 Bd2 35. b5 Bxb5 36. Red1
Bf4 37. Bd3 Rb6 38. Bxb5 Rxb5 39. Rab1 Rc5 40. Rd3 Rfc8
41. Rb3 R8c7 42. Rb6 Rc2+ 43. Kf1 Rh2 44. Kg1 Rcc2 45. Rxb7
Be3+ 0-1

[Event "Pan-American Junior Championship"]
[Site "Montevideo"]
[Date "2009.10.07"]
[EventDate "2009.10.??"]
[Round "2"]
[Result "1-0"]
[White "Ray Robson"]
[Black "Pablo Garcia Cardenas"]
[WhiteElo "2527"]
[BlackElo "2312"]
[PlyCount "89"]

1. e4 d5 2. exd5 Qxd5 3. Nf3 Nf6 4. d4 Bg4 5. Be2 c6 6. c4 Qd6
7. Nc3 e6 8. O-O Be7 9. Be3 O-O 10. h3 Bxf3 11. Bxf3 Nbd7
12. a3 Rfe8 13. Qb3 Qc7 14. Rac1 e5 15. d5 Bc5 16. dxc6 bxc6
17. Nd1 e4 18. Be2 Rab8 19. Qc3 a5 20. Bxc5 Nxc5 21. b4 axb4
22. axb4 Ne6 23. Ne3 Nf4 24. Rfe1 Red8 25. Nf5 Kf8 26. Bf1 Nd3
27. Bxd3 Rxd3 28. Qa1 Qf4 29. Qa7 Nd7 30. Nd4 Qd6 31. Rxe4
Rxb4 32. Rce1 g6 33. Qa1 Qf6 34. Qc1 Kg7 35. Rf4 Rxd4 36. Rxf6
Nxf6 37. c5 Rbc4 38. Qb2 Rd5 39. Re7 Rf4 40. Qb6 Rff5 41. g4
Rd1+ 42. Kg2 Nd5 43. Qb2+ Kf8 44. Ra7 Rf6 45. g5 1-0

[Event "Pan-American Junior Championship"]
[Site "?"]
[Date "2009.10.07"]
[EventDate "2009.10.07"]
[Round "3"]
[Result "0-1"]
[White "Luis Fernando Ibarra Chami"]
[Black "Ray Robson"]
[WhiteElo "2393"]
[BlackElo "2527"]
[PlyCount "96"]

1. d4 d5 2. c4 e6 3. Nf3 Nf6 4. g3 dxc4 5. Bg2 Bb4+ 6. Bd2 c5
7. Bxb4 cxb4 8. Ne5 O-O 9. Nxc4 Nc6 10. e3 e5 11. d5 b5
12. dxc6 Qxd1+ 13. Kxd1 bxc4 14. a3 Bg4+ 15. Kc1 a5 16. h3 Bf5
17. Rd1 Bd3 18. b3 Rac8 19. axb4 axb4 20. bxc4 e4 21. Kb2 Bxc4
22. Rd6 Bb5 23. Rd4 Bxc6 24. Rxb4 Rfd8 25. Ra5 h6 26. Rc5 Nd7
27. Ra5 Nf6 28. Rc5 Nd7 29. Ra5 Ba8 30. Rd4 Rb8+ 31. Ka2 Nb6
32. Rxd8+ Rxd8 33. Nc3 Rd2+ 34. Kb3 Rxf2 35. Ra2 Rxa2 36. Kxa2
f5 37. Kb3 Kf7 38. Kb4 Ke6 39. Kc5 Nd7+ 40. Kd4 Ne5 41. g4
Nf3+ 42. Bxf3 exf3 43. Nd1 fxg4 44. hxg4 Kf6 45. Nf2 Kg5
46. e4 Kf4 47. e5 Kg3 48. Nd1 f2 0-1

[Event "Pan-American Junior Championship"]
[Site "?"]
[Date "2009.10.08"]
[EventDate "2009.10.06"]
[Round "4"]
[Result "1-0"]
[White "Ray Robson"]
[Black "Ciro Diaz Ordonez"]
[WhiteElo "2527"]
[BlackElo "2323"]
[PlyCount "101"]

1. e4 c5 2. Nf3 d6 3. d4 cxd4 4. Nxd4 Nf6 5. Nc3 a6 6. Be3 e6
7. g4 e5 8. Nf5 h5 9. gxh5 d5 10. Qf3 d4 11. O-O-O Bxf5
12. Qxf5 Qc7 13. Bc4 Nbd7 14. Bxf7+ Kxf7 15. Nd5 Qd6 16. Rhg1
Rxh5 17. Qg6+ Kg8 18. Nxf6+ Nxf6 19. Bg5 Rxg5 20. Rxg5 Rc8
21. f3 d3 22. Rg2 Qd4 23. Qg5 Nh7 24. Qf5 Rc6 25. c3 Qe3+
26. Kb1 Rd6 27. Qxe5 Qxf3 28. Rgd2 Nf6 29. Qf5 Qxe4 30. Qxe4
Nxe4 31. Rxd3 Rh6 32. Re3 Nf6 33. h3 Kf7 34. Rd8 Bc5 35. Rf3
b6 36. b4 Be7 37. Ra8 a5 38. bxa5 bxa5 39. Rxa5 Rh4 40. Kb2
Re4 41. a4 Ke6 42. Ra6+ Ke5 43. Ra5+ Ke6 44. Ra6+ Ke5 45. a5
Nd5 46. Kb3 Bf6 47. Rc6 Re1 48. Rd3 Ne3 49. a6 Ke4 50. Rxe3+
Rxe3 51. a7 1-0

[Event "Pan-American Junior Championship"]
[Site "?"]
[Date "2009.10.09"]
[EventDate "2009.??.??"]
[Round "5"]
[Result "0-1"]
[White "Andre Diamant"]
[Black "Ray Robson"]
[WhiteElo "2526"]
[BlackElo "2527"]
[PlyCount "162"]

1. e4 c5 2. Nf3 d6 3. d4 cxd4 4. Nxd4 Nf6 5. Nc3 e6 6. g4 e5
7. Bb5+ Bd7 8. Bxd7+ Qxd7 9. Nf5 h5 10. gxh5 Nxh5 11. Nd5 g6
12. Ng3 Bg7 13. Qf3 Nc6 14. Be3 Nf4 15. Bxf4 exf4 16. Qxf4
O-O-O 17. c3 Bh6 18. Qf3 Qe6 19. Qf6 Ne5 20. Rd1 Qg4 21. h3
Qe6 22. Qxe6+ fxe6 23. Nb4 Bf4 24. Nd3 g5 25. Ne2 Nf3+ 26. Kf1
Nd2+ 27. Kg2 Nxe4 28. f3 Nc5 29. Nexf4 gxf4 30. Nxf4 e5
31. Nd5 e4 32. fxe4 Nxe4 33. Rd4 Rdg8+ 34. Kh2 Rg3 35. Nf4 Re3
36. Rg1 Rh4 37. Rc4+ Nc5 38. Rg3 Re8 39. Rd4 Ne4 40. Ng2 Nxg3
41. Nxh4 Nh5 42. Rd2 Kc7 43. Nf5 Re6 44. Rf2 Rf6 45. Kg2 Rg6+
46. Kh2 Rf6 47. Rf3 Re6 48. Nd4 Re7 49. Kg2 a6 50. Kf2 b5
51. Nf5 Rh7 52. h4 Kc6 53. Ng3 Ng7 54. Rf7 Rxh4 55. Rxg7 Rh2+
56. Ke3 Rxb2 57. Ne4 Rxa2 58. Rg6 Ra3 59. Kd4 Ra4+ 60. Kd3 a5
61. Rxd6+ Kc7 62. Rh6 Ra1 63. Kd4 b4 64. c4 b3 65. Rh2 a4
66. Nc5 Kc6 67. Rh6+ Kc7 68. Rh7+ Kc6 69. Nd3 a3 70. Ne5+ Kd6
71. c5+ Ke6 72. Rh6+ Kf5 73. Rh5+ Ke6 74. Rh6+ Kf5 75. Rh5+
Kf6 76. c6 a2 77. Nd3 Rd1 78. Ra5 b2 79. c7 b1=Q 80. Ra6+ Kg7
81. c8=Q Qxd3+ 0-1

[Event "Pan-American Junior Championship"]
[Site "?"]
[Date "2009.10.10"]
[EventDate "2009.??.??"]
[Round "6"]
[Result "1-0"]
[White "Ray Robson"]
[Black "Isaac Garcia Guerrero"]
[WhiteElo "2527"]
[BlackElo "2156"]
[PlyCount "135"]

1. e4 c5 2. Nf3 g6 3. d4 cxd4 4. Qxd4 Nf6 5. Nc3 Nc6 6. Qa4 d6
7. e5 dxe5 8. Nxe5 Bg7 9. Nxc6 bxc6 10. Qxc6+ Bd7 11. Qa6 O-O
12. Be2 Qc7 13. Qc4 Qa5 14. O-O Rab8 15. Qa6 Qc7 16. Qc4 Qa5
17. Qa6 Qc7 18. Rb1 Ng4 19. Bxg4 Bxg4 20. Be3 Bf5 21. Nd5 Qe5
22. Rbd1 Bxc2 23. Rd2 Rxb2 24. Qxa7 Qb8 25. Qxe7 Bf5 26. Rxb2
Qxb2 27. a4 Be6 28. Qc5 Ra8 29. Nb6 Rb8 30. a5 Qa2 31. Bf4 Rd8
32. Bg5 Bf8 33. Qc3 Bg7 34. Qc7 Rf8 35. Qc5 h6 36. Be7 Re8
37. h3 Rxe7 38. Qxe7 Qxa5 39. Nd7 Qf5 40. Qe8+ Kh7 41. Nf8+
Bxf8 42. Qxf8 Bd5 43. Qe7 g5 44. Re1 Be6 45. Qd6 h5 46. Ra1 g4
47. hxg4 hxg4 48. Ra8 Qe4 49. Qh2+ Kg6 50. Rg8+ Kf6 51. Qh8+
Ke7 52. Qh4+ Kd6 53. Qd8+ Ke5 54. Qc7+ Kf6 55. Qd8+ Ke5
56. Rg5+ f5 57. Qc7+ Kd4 58. Qb6+ Ke5 59. Rg7 Qd4 60. Qc7+ Ke4
61. Qc6+ Qd5 62. Qc2+ Ke5 63. Ra7 Qd4 64. Qc7+ Ke4 65. Qc6+
Bd5 66. Re7+ Kd3 67. Qb5+ Bc4 68. Qxf5+ 1-0